Воспоминания; Гл. 1. Жизнь по заводскому гудку; Гл. 2. Чувство Родины; Гл. 3. Малая земля; Гл. 4. Возрождение; Гл. 5. Целина

Detalles Bibliográficos
Autor principal: Брежнев Л. И. Леонид Ильич
Otros Autores: Серебряков А. Ф. (художник)
Sumario:В суперобложке.
Lenguaje:ruso
Publicado: Москва, Изд-во политической лит-ры, 1982
TOC:Гл. 1. Жизнь по заводскому гудку;
Гл. 2. Чувство Родины;
Гл. 3. Малая земля;
Гл. 4. Возрождение;
Гл. 5. Целина;
Materias:
Formato: Libro
KOHA link:https://koha.lib.tpu.ru/cgi-bin/koha/opac-detail.pl?biblionumber=99466

MARC

LEADER 00000nam0a2200000 4500
001 99466
005 20231101214242.0
035 |a (RuTPU)RU\TPU\book\106738 
090 |a 99466 
100 |a 20060704d1982 m y0rusy50 ca 
101 0 |a rus 
102 |a RU 
105 |a ac z 000cd 
200 1 |a Воспоминания  |f Л. И. Брежнев  |g худ. А. Ф. Серебряков 
210 |a Москва  |c Изд-во политической лит-ры  |d 1982 
215 |a 285 с.  |c ил.  |d 22 см. 
300 |a В суперобложке. 
464 |t Гл. 1. Жизнь по заводскому гудку 
464 |t Гл. 2. Чувство Родины 
464 |t Гл. 3. Малая земля 
464 |t Гл. 4. Возрождение 
464 |t Гл. 5. Целина 
600 1 |a Брежнев  |g Леонид Ильич  |f 1906-1982  |b Л. И.  |c российский политический деятель  |c генеральный секретарь ЦК КПСС  |2 stltpui  |3 (RuTPU)RU\TPU\pers\1056 
610 1 |a Россия 
610 1 |a история 
610 1 |a 20 век 
610 1 |a воспоминания 
610 1 |a Великая Отечественная война 1941-1945 
610 1 |a целина 
610 1 |a Малая земля 
610 1 |a Казахстан 
610 1 |a персоналии 
686 |a Ф61(2)27  |v LBC/SL-A  |2 rubbk 
686 |a Ф61(2)8  |v LBC/SL-A  |2 rubbk 
700 1 |a Брежнев  |b Л. И.  |c российский политический деятель  |c генеральный секретарь ЦК КПСС  |f 1906-1982  |g Леонид Ильич  |2 stltpui  |3 (RuTPU)RU\TPU\pers\1056  |9 475 
702 1 |a Серебряков  |b А. Ф.  |4 040 
801 1 |a RU  |b 63413507  |c 20060704  |g PSBO 
801 2 |a RU  |b 63413507  |c 20220616  |g PSBO 
942 |c BK